Smallest Foreign-born Population: The UK Quiz Stats

 Plays Quiz not verified by Sporcle

Challenge
Share
Tweet
Score 0/30 Timer 10:00
0 Plays Today
Number of Immigrants in The UK Country % Correct
0Vatican City
95%
9San Marino
84%
35Andorra
83%
23Liechtenstein
82%
143Tonga
80%
125Samoa
77%
225Monaco
77%
135Vanuatu
76%
10Tuvalu
73%
14Nauru
73%
3Palau
71%
86Bhutan
70%
179Kiribati
67%
3Micronesia
66%
1East Timor
65%
Number of Immigrants in The UK Country % Correct
200Maldives
65%
102Sao Tome and Principe
64%
62Comoros
62%
99Turkmenistan
61%
101Tajikistan
61%
237Djibouti
60%
133Kyrgyzstan
59%
183Chad
59%
51Equatorial Guinea
56%
28Mauritania
54%
135Gabon
54%
164Haiti
54%
121Mali
53%
96Niger
48%
223Nicaragua
45%

You're not logged in!

Compare scores with friends on all Sporcle quizzes.
Join for Free
OR
Log In

You Might Also Like...

Show Comments

Extras

Top Quizzes Today


Score Distribution

Your Account Isn't Verified!

In order to create a playlist on Sporcle, you need to verify the email address you used during registration. Go to your Sporcle Settings to finish the process.

Report this User

Report this user for behavior that violates our Community Guidelines.

Details: